000 00415cam a22001337a 4500
008 180718b1958 xxu||||| |||| 00| 0 eng d
082 _aI5135x5453 AR
100 _aKerala. Administrative Reforms Committee
245 _aReport of the Administrative Reforms Committee
260 _aTrivandrum
_bThe author
_c1958
300 _a-v-
500 _aContents: v.1. Parts 1 & 2
700 _aNambudiripad, E.M.S. (Chairman)
999 _c488495
_d488495